Szczegóły MARC21

Bogaty ojciec, biedny ojciec czyli Czego bogaci uczą swoje dzieci na temat pieniędzy i o czym nie wiedzą biedni i średnia klasa /

003 -Nazwa inst., której nr kontr. jest w polu 001 [,]
    • @
    • Nazwa instytucji, której n kontrolny jest w polu 001
    • NUKAT
005 -DATA I CZAS OSTATNIEJ MODYFIKACJI [,]
    • @
    • pole kontrolne
    • 20241231104939.0
020 -Międzynarod. znormalizowany nr książki - ISBN [ , ]
    • a
    • Numer ISBN
    • 8391310078 Find
    • q
    • Dopowiedzenie
    • IPE
040 -Instytucja sporządzająca opis [ , ]
    • a
    • Instytucja, która sporządziła opis (NP)
    • KR U/RB
    • c
    • Instytucja, która sporządziła rekord (NP)
    • KR U/RB
    • d
    • Instytucja, która zmodyfikowała rekord (P)
    • KR U/ES
    • d
    • Instytucja, która zmodyfikowała rekord (P)
    • KR U/IFs
    • d
    • Instytucja, która zmodyfikowała rekord (P)
    • WR U/PAdjm
    • d
    • Instytucja, która zmodyfikowała rekord (P)
    • KR 119/ara
041 -Język dokumentu [1, ]
    • a
    • Język tekstu (P)
    • polski
    • h
    • Język tekstu oryginalnego i/lub pośredniego (P)
    • angielski
044 -Kraj miejsca wydania [ , ]
    • a
    • Kraj miejsca wydania
    • - nieokreślony -
    • a
    • Kraj miejsca wydania
    • Polska
942 -Rodzaj dokumentu [ , ]
    • c
    • Rodzaj dokumentu
    • Książka
100 -Hasło główne - nazwa osobowa [1, ]
    • a
    • Nazwa osobowa (NP)
    • Kiyosaki, Robert T.
    • d
    • Daty biograficzne (NP)
    • (1947- ).
    • 9
    • KHW
    • 53353
240 -Tytuł ujednolicony [1,0]
    • a
    • Tytuł ujednolicony
    • Rich dad, poor dad
    • l
    • Język tekstu
    • (pol.)
    • 9
    • KHW
    • 453806
245 -Strefa tytułu i oznaczenia odpowiedzialności [1,0]
    • a
    • Tytuł
    • Bogaty ojciec, biedny ojciec czyli Czego bogaci uczą swoje dzieci na temat pieniędzy i o czym nie wiedzą biedni i średnia klasa / Find
    • c
    • Pozostałe elementy strefy tytułu i oznaczenia odpowiedzialności (NP)
    • Robert T. Kiyosaki, Sharon L. Lechter.
246 -Wariant tytułu [3, ]
    • a
    • Tytuł (NP)
    • Czego bogaci uczą swoje dzieci na temat pieniędzy i o czym nie wiedzą biedni i średnia klasa
260 -Strefa adresu wydawniczego [ , ]
    • a
    • Miejsce wydania (P)
    • [S.l.] :
    • b
    • Nazwa wydawcy (P)
    • Books & Software ;
    • a
    • Miejsce wydania (P)
    • Bydgoszcz :
    • b
    • Nazwa wydawcy (P)
    • Instytut Praktycznej Edukacji,
    • c
    • Data wydania (P)
    • cop. 2002.
300 -Strefa opisu fizycznego [ , ]
    • a
    • Określenie formy książki i/lub objętość (NP)
    • VIII, 228 s. ;
    • c
    • Format (NP)
    • 23 cm.
336 -Typ zawartości [ , ]
    • a
    • Termin opisujący typ zawartości
    • Tekst
    • b
    • Kod określający zawartość
    • txt
    • 2
    • Źródło (terminu i kodu)
    • rdacontent
337 -Typ mediów [ , ]
    • a
    • Tryb odtwarzania
    • Bez urządzenia pośredniczącego
    • b
    • Kod typu mediów
    • n
    • 2
    • Źródło (terminu i kodu)
    • rdamedia
338 -Typ/rodzaj nośnika [ , ]
    • a
    • Hasło opisujące typ nośnika
    • Wolumin
    • b
    • Kod typu nośnika
    • nc
    • 2
    • Źródło (terminu i kodu)
    • rdacarrier
500 -Uwaga ogólna [ , ]
    • a
    • Uwaga ogólna (NP)
    • W części nakładu koniec tekstu na s. 214.
546 -Uwaga dot. języka [ , ]
    • a
    • Uwaga dot. języka
    • Tekst tł. z ang.
650 -Hasło przedmiotowe [ ,7]
    • a
    • Hasło przedmiotowe
    • Finanse osobiste.
    • 2
    • Źródło terminu
    • kaba
    • 9
    • KHW
    • 108811
650 -Hasło przedmiotowe [ ,7]
    • a
    • Hasło przedmiotowe
    • Inwestycje.
    • 2
    • Źródło terminu
    • kaba
    • 9
    • KHW
    • 112291
700 -Hasło dodatkowe - nazwa osobowa [1, ]
    • a
    • Nazwa osobowa (NP)
    • Lechter, Sharon L. Find
    • 9
    • KHW
    • 53354
920 -ISBN [ , ]
    • a
    • ISBN
    • 83-913100-7-8 Find
    • q
    • Dopowiedzenie
    • IPE
Status udost. Numer inwentarzowy Sygnatura Data inwentaryzacji Lokalizacja
-3WM.29044 2024-09-03BG
-2TM.13528TM.135282017-11-10T